La quistione del Transvaal / (Registro nro. 160593)

Detalles MARC
000 -LEADER
campo de control de longitud fija 00704nam a22001935i 4500
001 - NÚMERO DE CONTROL
campo de control 160593
003 - IDENTIFICADOR DE NÚMERO DE CONTROL
campo de control ES-MaACL
005 - FECHA Y HORA DE LA ÚLTIMA TRANSACCIÓN
campo de control 20230906212101.0
008 - DATOS DE LONGITUD FIJA--INFORMACIÓN GENERAL
campo de control de longitud fija 040929s1900 it |||| | ita d
040 ## - FUENTE DE CATALOGACIÓN
Centro catalogador/agencia de origen CAM
Lengua de catalogación spa
Centro/agencia transcriptor CAM
100 1# - ENTRADA PRINCIPAL--NOMBRE DE PERSONA
Nombre de persona Naville, Edouard.
9 (RLIN) 130429
245 13 - MENCIÓN DEL TÍTULO
Título La quistione del Transvaal /
Mención de responsabilidad, etc. Edouard Naville ; traduzione di R.A. Gallenga Stuart.
250 ## - MENCION DE EDICION
Mención de edición 3ª ed.
260 ## - PUBLICACIÓN, DISTRIBUCIÓN, ETC.
Lugar de publicación, distribución, etc. Firenze :
Nombre del editor, distribuidor, etc. R. Paggi,
Fecha de publicación, distribución, etc. 1900 (
Fabricante tipi di L. Franceschini e C.)
300 ## - DESCRIPCIÓN FÍSICA
Extensión 39 p. ;
Dimensiones 19 cm.
651 #4 - PUNTO DE ACCESO ADICIONAL DE MATERIA--NOMBRE GEOGRÁFICO
Nombre geográfico Transvaal-
Subdivisión general Historia-
Subdivisión cronológica 1880-1910.
9 (RLIN) 147776
700 1# - ENTRADA AGREGADA--NOMBRE PERSONAL
Nombre de persona Gallenga Stuart, R.A.
9 (RLIN) 127192
852 ## - LOCALIZACIÓN
Ubicación ES-MaACL
Número de control de estantería T-979-F-2
Nota libre -- Enc. hol., conservando la cub. original
-- -- Enc. en un vol. facticio
Existencias
Estatus retirado Estado de pérdida Estado de daño No para préstamo Colección Biblioteca de origen Biblioteca actual Ubicación en estantería Fecha de adquisición Total de préstamos Signatura topográfica completa Código de barras Visto por última vez Precio de reemplazo Tipo de ítem Koha
        Colección de folletos Biblioteca del Ateneo de Madrid Biblioteca del Ateneo de Madrid Depósito folletos 17/01/2008   T-979-F-2 1168154 23/02/2023 23/02/2023 Folleto